<?xml version="1.0" encoding="UTF-8"?><?xml-stylesheet type="text/xsl" href="static/style.xsl"?><OAI-PMH xmlns="http://www.openarchives.org/OAI/2.0/" xmlns:xsi="http://www.w3.org/2001/XMLSchema-instance" xsi:schemaLocation="http://www.openarchives.org/OAI/2.0/ http://www.openarchives.org/OAI/2.0/OAI-PMH.xsd"><responseDate>2026-04-27T20:18:46Z</responseDate><request verb="GetRecord" identifier="oai:uvadoc.uva.es:10324/45143" metadataPrefix="marc">https://uvadoc.uva.es/oai/request</request><GetRecord><record><header><identifier>oai:uvadoc.uva.es:10324/45143</identifier><datestamp>2021-06-18T09:10:13Z</datestamp><setSpec>com_10324_38</setSpec><setSpec>col_10324_787</setSpec></header><metadata><record xmlns="http://www.loc.gov/MARC21/slim" xmlns:doc="http://www.lyncode.com/xoai" xmlns:xsi="http://www.w3.org/2001/XMLSchema-instance" xmlns:dcterms="http://purl.org/dc/terms/" xsi:schemaLocation="http://www.loc.gov/MARC21/slim http://www.loc.gov/standards/marcxml/schema/MARC21slim.xsd">
<leader>00925njm 22002777a 4500</leader>
<datafield tag="042" ind1=" " ind2=" ">
<subfield code="a">dc</subfield>
</datafield>
<datafield tag="720" ind1=" " ind2=" ">
<subfield code="a">Goicoechea Torres, Jesús</subfield>
<subfield code="e">author</subfield>
</datafield>
<datafield tag="260" ind1=" " ind2=" ">
<subfield code="c">2020</subfield>
</datafield>
<datafield tag="520" ind1=" " ind2=" ">
<subfield code="a">El presente trabajo se centra en el principio abstracto de la legitimidad como parte del&#xd;
mensaje de los retratos de corte durante el reinado de Felipe II y su deuda con el modelo&#xd;
establecido por el emperador Carlos V. A partir de las consideraciones generalmente&#xd;
aceptadas en torno a la teoría política vigente, a los cambios estéticos propios del&#xd;
Renacimiento y el Manierismo y el protagonismo del retrato como género, y teniendo en&#xd;
cuenta la función del fenómeno novedoso de la propaganda se recorren las obras destacadas&#xd;
de ambos reinados, para trazar su evolución y realizar una propuesta de estudio a partir de los&#xd;
elementos dinástico, institucional y personal -destacando sus elementos compartidos-.</subfield>
</datafield>
<datafield tag="520" ind1=" " ind2=" ">
<subfield code="a">The present work focuses on the abstract principle of legitimacy as part of the&#xd;
message of court portraits during the reign of Philip II and its debt to the model established by&#xd;
emperor Charles V. From the generally accepted considerations regarding current political&#xd;
theory, the aesthetic changes typical of the Renaissance and Mannerism and the role of&#xd;
portraiture as a genre and taking into account the role of the novel phenomenon of&#xd;
propaganda, the outstanding works of both reigns are studied to trace their evolution and&#xd;
make a proposal study based on the dynastic, institutional and personal elements -highlighting&#xd;
their shared elements</subfield>
</datafield>
<datafield tag="024" ind2=" " ind1="8">
<subfield code="a">http://uvadoc.uva.es/handle/10324/45143</subfield>
</datafield>
<datafield ind1=" " ind2=" " tag="653">
<subfield code="a">Carlos V</subfield>
</datafield>
<datafield ind1=" " ind2=" " tag="653">
<subfield code="a">Felipe II</subfield>
</datafield>
<datafield ind1=" " ind2=" " tag="653">
<subfield code="a">Retrato de corte-España</subfield>
</datafield>
<datafield tag="245" ind1="0" ind2="0">
<subfield code="a">La sombra del emperador en el reinado de Felipe II. La legitimación de la Casa de Austria Hispánica en la propaganda real filipina a través de los retratos de corte</subfield>
</datafield>
</record></metadata></record></GetRecord></OAI-PMH>